| 000 | 00803 a2200193 4500 | ||
|---|---|---|---|
| 003 | Nust | ||
| 005 | 20230706132029.0 | ||
| 010 | _a 77016093 | ||
| 020 | _a0876200978 | ||
| 040 | _cNust | ||
| 082 | 0 | 0 | _a515,ROD |
| 100 | 1 |
_aRodin, Burton. _9113430 |
|
| 245 | 1 | 0 |
_aBasic calculus with applications / _cBurton Rodin. |
| 260 |
_aSanta Monica, Calif. : _bGoodyear Pub. Co., _cc1978. |
||
| 300 |
_aviii, 424 p. : _bill. ; _c24 cm. |
||
| 505 | _aFunctions and Graphs (Page-1), Differentiation (Page-53), Applications of Differentiation (Page-95), Further Techniques of Differentiation (Page-137), Exponential and Logarithmic Functions (Page-169), Integration (Page-215), Functions of Several Variables (Page-267), Differential Equations (Page-319). | ||
| 650 | 0 | _aCalculus. | |
| 942 |
_2ddc _cBK _k515,ROD |
||
| 999 |
_c181012 _d181012 |
||